IFM Opac

IMAGE AND REALITY IN ECONOMIC DEVELOPMENT (Record no. 16772)

MARC details
000 -LEADER
fixed length control field 00303nam a22001337a 4500
020 ## - INTERNATIONAL STANDARD BOOK NUMBER
International Standard Book Number 030002880
082 ## - DEWEY DECIMAL CLASSIFICATION NUMBER
Classification number 338.9 REY
100 ## - MAIN ENTRY--PERSONAL NAME
Personal name REYNOLDS,L.C
245 ## - TITLE STATEMENT
Title IMAGE AND REALITY IN ECONOMIC DEVELOPMENT
260 ## - PUBLICATION, DISTRIBUTION, ETC.
Place of publication, distribution, etc. LONDON
Date of publication, distribution, etc. 1977
300 ## - PHYSICAL DESCRIPTION
Extent xi.497p,
Other physical details 23cm
500 ## - GENERAL NOTE
General note include index
942 ## - ADDED ENTRY ELEMENTS (KOHA)
Koha item type Books
Holdings
Withdrawn status Lost status Source of classification or shelving scheme Damaged status Not for loan Home library Current library Shelving location Date acquired Full call number Barcode Date last seen Price effective from Koha item type
    Dewey Decimal Classification     IFM Main Campus Library IFM Main Campus Library   10/04/2016 338.9 REY 0000008259 10/04/2016 10/04/2016 Books